Arbaʻah ṭurim; (Record no. 33469)

MARC details
000 -LEADER
fixed length control field 01616cam a22003251 4500
001 - CONTROL NUMBER
control field he 68001993
003 - CONTROL NUMBER IDENTIFIER
control field DLC
005 - DATE AND TIME OF LATEST TRANSACTION
control field 20260227111500.0
008 - FIXED-LENGTH DATA ELEMENTS--GENERAL INFORMATION
fixed length control field 911023m19611881is 000 0 heb
010 ## - LIBRARY OF CONGRESS CONTROL NUMBER
LC control number he 68001993
035 ## - SYSTEM CONTROL NUMBER
System control number (OCoLC)24611878
040 ## - CATALOGING SOURCE
Original cataloging agency DLC
Transcribing agency CU
Modifying agency CU
-- DLC
042 ## - AUTHENTICATION CODE
Authentication code premarc
050 00 - LIBRARY OF CONGRESS CALL NUMBER
Classification number BM520
Item number .86A2 1961
100 0# - MAIN ENTRY--PERSONAL NAME
Personal name Jacob ben Asher,
Dates associated with a name approximately 1269-approximately 1340.
245 10 - TITLE STATEMENT
Title Arbaʻah ṭurim;
Statement of responsibility, etc. ḥibro Yaʻaḳov ben Asher. ʻIm perush ṿe-ḥidushe Yosef Ḳaro ... Bet Yosef ... ṿe-ʻim perush ṿe-ḥidushe Yoʼel Sirḳesh ... Bet ḥadash, ṿe-ʻim Sefer Darkhe Mosheh, meha-gaʼon Mosheh Iserlish, ṿe-ʻim perush ṿe-ḥidushe Yosheʻa Ṿalḳ Kats ... Derishah u-ferishah, ṿe-ʻim ḥidushe Lev Ḥanelesh .. ṿe-gam nitṿasfu hagahot ...
260 ## - PUBLICATION, DISTRIBUTION, ETC.
Place of publication, distribution, etc. [Yerushalayim,
Name of publisher, distributor, etc. Ḳiryah Neʼemanah,
Date of publication, distribution, etc. 1961/62-63/64]
300 ## - PHYSICAL DESCRIPTION
Extent 4 v. in 7.
Dimensions 29 cm.
500 ## - GENERAL NOTE
General note Vol. 3 numbered 4.
500 ## - GENERAL NOTE
General note Reduced photo-offset of Warsaw, 1881/82 ed.
500 ## - GENERAL NOTE
General note L. C. set incomplete: v. 4, part 2 wanting.
505 0# - FORMATTED CONTENTS NOTE
Formatted contents note Ṭur 1. Oraḥ ḥayim 2 v. -- Ṭur 2. Yoreh deʻah 2 v. -- Ṭur [3] Even ha-ʻezer -- Ṭur 4. Ḥoshen ha-mishpaṭ 2 v.
650 #0 - SUBJECT ADDED ENTRY--TOPICAL TERM
Topical term or geographic name entry element Jewish law.
700 1# - ADDED ENTRY--PERSONAL NAME
Personal name Hanneles, Judah Leib ben Meir,
Dates associated with a name -1596.
700 1# - ADDED ENTRY--PERSONAL NAME
Personal name Karo, Joseph ben Ephraim,
Dates associated with a name 1488-1575.
Title of a work Bet Yosef
700 1# - ADDED ENTRY--PERSONAL NAME
Personal name Sirkes, Joel,
Dates associated with a name 1561-1640.
Title of a work Bet ḥadash
700 1# - ADDED ENTRY--PERSONAL NAME
Personal name Isserles, Moses ben Israel,
Dates associated with a name approximately 1525-1572.
Title of a work Darkhe Mosheh
700 1# - ADDED ENTRY--PERSONAL NAME
Personal name Falk, Joshua ben Alexander,
Titles and other words associated with a name ha-Kohen,
Dates associated with a name approximately 1555-1614.
Title of a work Derishah u-ferish
740 0# - ADDED ENTRY--UNCONTROLLED RELATED/ANALYTICAL TITLE
Uncontrolled related/analytical title Ṭur.

No items available.

Powered by Koha